Responses for Show #3045 - Friday, November 21, 1997

1997 Power Players Week game 5.
From DAR Constitution Hall in Washington, D.C.

Contestants

[<< previous game]

Bill Maher, a comedian and author from Politically Incorrect

Andrea Mitchell, a foreign affairs correspondent from NBC News

Oliver North, a radio talk show host from the Oliver North radio show

[next game >>]

Jeopardy! Round responses

1974
CLASSIC DISNEY FILMS
(Alex: This could be called POTENT POTABLES, but we refer to it as...)
SET 'EM UP, JOE
(Alex: Here's a tribute to you, Bill...)
POLITICALLY INCORRECT
FIRST LADIES
(Alex: This is not a tribute to anyone...)
MORE STUPID ANSWERS
    $100 8
United Nations

Bill
    $100 15
Bambi

Andrea
    $100 14
(Oliver: What is Irish Mist?)

Irish whiskey

Oliver
Triple Stumper
    $100 3
Joe Camel

Andrea
    $100 7
(Andrea: Who is Doris Kearns Goodwin?)

Nancy Reagan

OliverAndrea
    $100 1
Gravedigger

Triple Stumper
    $200 9
(Andrea: Who is Willie Mays?)

Hank Aaron

AndreaBill
    $200 19
Pinocchio

Oliver
    $200 4
NYPD Blue

Andrea
    $200 11
Barbara Bush

Oliver
    $200 2
(Alex: Bill, obviously we can't fool you twice!)

Western Australia

Bill
    $300 10
Patty Hearst

Andrea
    $300 20
The Jungle Book

Andrea
    $300 5
Mr. Magoo

Oliver
    $600 13
(Oliver: Who is Nancy Reagan?)

Jacqueline Kennedy Onassis

Oliver
    $400 17
(Alex: And we have a minute to go in the round.)

milk

Andrea
    $400 21
(Andrea: What is The Christmas Story?)

A Christmas Carol

AndreaBill
    $400 6
Married... With Children

Andrea
    $400 16
Lady Bird Johnson

Bill
    $500 22
Argentina

Andrea
    $500 23
[The end-of-round signal sounds.]

Alice in Wonderland

Andrea
    $500 12
A Fish Called Wanda

Triple Stumper
    $500 18
Mamie Eisenhower

Andrea

Scores at the first commercial break (after clue 11):

Oliver Andrea Bill
$600 $700 $500

Scores at the end of the Jeopardy! Round:

Oliver Andrea Bill
$100 $2,600 $1,300

Double Jeopardy! Round responses

WASHINGTONIANS
TAKING THE FIFTH
WHO WON THE OSCAR?
NONFICTION
IT CAME FROM SEATTLE
MR. AVERAGE
    $200 3
John F. Kennedy, Jr.

Andrea
    $200 8
Fifth wheel

Andrea
    $200 2
Anthony Hopkins

Andrea
    $200 1
Football

Bill
    $200 17
Microsoft

Bill
    $200 21
[The end-of-round signal sounds.]

Q

Andrea
    $400 4
Jordan

Bill
    $400 13
Fish

Oliver
    $400 19
Anna Paquin

Oliver
    $400 9
Plastic

Oliver
    $1,700 18
(Bill: [No response] That song sucks, that's for sure!)
[Audience breaks into laughter]
(Alex: I'm sure The Melvins will appreciate your comments, and we have less than a minute to go!)

grunge

Bill
    $600 5
J. Edgar Hoover

Bill
    $600 14
July 5th

Andrea
    $600 20
(Alex: Ollie, looks like you spend a lot of time at the movies!)

Marisa Tomei

Oliver
    $600 10
Angela's Ashes

Andrea
    $800 6
Connie Chung

Andrea
    $800 15
(Andrea: What is a quart?)
(Oliver: What is a liter?)

Gallon

OliverAndrea
Triple Stumper
    $2,000 11
The Bell Curve

Andrea
    $1000 7
Pat Buchanan

Bill
    $1000 16
(Oliver: Who are The Mamas & the Papas?)

The 5th Dimension

OliverBill
    $1000 12
"Hail to the Chief"

Triple Stumper

Scores at the end of the Double Jeopardy! Round:

Oliver Andrea Bill
$100 $6,600 $3,000
(lock game)

[wagering suggestions for these scores]

Final Jeopardy! Round responses

THE ARMED SERVICES
(Alex: And it's not a set-up!)
(Alex: Thanks to all the folks at the DAR Constitution Hall for making our visit such a special one; we'll see you back in Los Angeles next week - so long, folks!)
OliverWhat is the U.S. Air Force?
$100
BillWhat is the U.S. Air Force?
$3,000
AndreaWhat is the air force
$500
U.S. Air Force

Final scores:

Oliver Andrea Bill
$200 $7,100 $6,000
3rd place: $10,000 for the Freedom Alliance (scholarship fund), Joe Gibbs' Youth for Tomorrow, and the Salvation Army Winner: $15,000 for the University of Pennsylvania 2nd place: $10,000 for the Best Friends Animal Sanctuary

Game dynamics:

Coryat scores:

Oliver Andrea Bill
$700 $5,400 $4,700
8 R,
4 W
(including 1 DD)
18 R
(including 1 DD),
4 W
11 R,
1 W
(including 1 DD)

Combined Coryat: $10,800

[game clues] [game scores] [suggest correction]

Game tape date: 1997-11-01
The J! Archive is created by fans, for fans. Scraping, republication, monetization, and malicious use prohibited; this site may use cookies and collect identifying information. See terms. The Jeopardy! game show and all elements thereof, including but not limited to copyright and trademark thereto, are the property of Jeopardy Productions, Inc. and are protected under law. This website is not affiliated with, sponsored by, or operated by Jeopardy Productions, Inc. Join the discussion at JBoard.tv.